000 00502nam a2200217Ia 4500
003 OSt
005 20221005130112.0
006 a|||||r|||| 00| 0
007 ta
008 221004b |||||||| |||| 00| 0 eng d
024 _a119530
037 _cTextual
040 _aCRL
_cCRL
_beng
041 _2eng
_aeng
100 _aBadayuan Shakil
_9637599
245 0 _aRa - anaiyan
260 _c1950
650 _aURDU LANGUAGE
942 _cTEXL
_2cc
999 _c1056102
_d1056102